El valor de las oportunidades

Wedi'i Gadw mewn:
Manylion Llyfryddiaeth
Awdur Corfforaethol: ChileCompra (Awdur)
Fformat: Llyfr
Iaith:Sbaeneg
Cyhoeddwyd: Santiago Ministerio de Hacienda 2008
Pynciau:
Tagiau: Ychwanegu Tag
Dim Tagiau, Byddwch y cyntaf i dagio'r cofnod hwn!

MARC

LEADER 00000nam a2200000 a 4500
001 UCH2116
003 CL-VaPUC
008 090528e20080000CL |||||||||||||||||spa|d
082 0 4 |a 381.14  |b CHI  |2 21 
110 2 |a ChileCompra  |e author  |9 536814 
245 1 3 |a El valor de las oportunidades 
300 |a 148 p 
942 |c BK 
945 |d 20090528 00:00:00  |a rbrito 
260 |a Santiago  |b Ministerio de Hacienda  |c 2008 
650 7 |a EMPRENDEDOR  |2 CL-VaPUC  |9 536815 
650 0 |a Comercio  |9 255341 
650 0 |a Desarrollo económico  |9 259599 
650 0 |a Planificación estratégica   |9 259735 
650 0 |a Crecimiento económico   |9 314037 
650 0 |a Gestión empresarial  |9 349595 
650 7 |a PYMES  |2 CL-VaPUC  |9 497299 
583 |a last modification  |c 20090528 00:00:00  |k Rodrigo Vera 
999 |c 333940  |d 333938 
952 |0 0  |1 0  |4 0  |6 381_140000000000000_CHI_2008  |7 0  |8 A  |9 422619  |a BIBGIM  |b BIBGIM  |d 2019-11-22  |i 4552997  |o 381.14 CHI 2008  |p 4552997  |r 2025-01-15  |w 2019-11-22  |y BK  |k GIM